ARRUPE JESUIT UNIVERSITY

CORONAVIRUS -STOP THE SPREAD - CLEAN,DISINFECT,COVER

In the footsteps of Jesus today: (Record no. 121888)

MARC details
000 -LEADER
fixed length control field 00542nam a22001457a 4500
008 - FIXED-LENGTH DATA ELEMENTS--GENERAL INFORMATION
fixed length control field 150123b xxu||||| |||| 00| 0 eng d
020 ## - INTERNATIONAL STANDARD BOOK NUMBER
International Standard Book Number 9780986985300
050 ## - LIBRARY OF CONGRESS CALL NUMBER
Classification number BX2040.P775
100 ## - MAIN ENTRY--PERSONAL NAME
Personal name Capelle, Joseph
9 (RLIN) 14620
245 ## - TITLE STATEMENT
Title In the footsteps of Jesus today:
Remainder of title Praying the stations of the cross in Holy Trinity Parish, Braamfontein/
Statement of responsibility, etc Capelle, Joseph and meditations by Pollitt, Russell SJ
260 ## - PUBLICATION, DISTRIBUTION, ETC. (IMPRINT)
Place of publication, distribution, etc Cape Town:
Name of publisher, distributor, etc CB Publications,
Date of publication, distribution, etc 2010.
300 ## - PHYSICAL DESCRIPTION
Extent 39p.
Dimensions 17 cm.
650 ## - SUBJECT ADDED ENTRY--TOPICAL TERM
Topical term or geographic name as entry element Stations of the Cross
9 (RLIN) 1008
942 ## - ADDED ENTRY ELEMENTS (KOHA)
Source of classification or shelving scheme Library of Congress Classification
Item type Monograph ( Printed materials)
Holdings
Withdrawn status Lost status Source of classification or shelving scheme Damaged status Not for loan Collection code Home library Current library Shelving location Date acquired Total Checkouts Full call number Barcode Date last seen Copy number Price effective from Koha item type
    Library of Congress Classification     Main Collection ARRUPE LIBRARY ARRUPE LIBRARY Main Collection 23/01/2015   BX2040.P775 46500003059 22/11/2017 1 23/01/2015 Monograph ( Printed materials)

 

Arrupe Library. PO Box MP320 Mt Pleasant, Harare, Zimbabwe
263 242 745411|librarian@aju.ac.zw